000 01031nam a2200253Ia 4500
003 OSt
005 20220923215148.0
006 a|||||r|||| 00| 0
007 ta
008 220922b |||||||| |||| 00| 0 hin d
024 _a176,255
037 _cTextual
040 _aARTS
_cARTS
_bhin
041 _2hin
_ahin
082 _aO152,1:g, K7
100 _aदुबे, लक्ष्मी नारायण
_9160180
245 0 _aहिन्दी की राष्ट्रीय काव्य धारा (प्रभा एवं प्रताप के सन्दर्भ में)
246 _aHindī kī rāṣhṭrīya kāvya dhārā (prabhā evan pratāp ke sandarbha mean)
260 _aछतरपुर
_b विन्धयाचल प्रकाशन
_c1967
300 _a445 पृ.
_ccm.
650 _aहिन्दी साहित्य
_9156264
942 _hO152,1:g, K7
_cTEXL
_2CC
999 _c329812
_d329812